Trini : příběh indiánského chlapce /

Hlavní autor: Renn, Ludwig, 1889-1979
Další autoři: Kundera, Ludvík, 1920-2010, Lacinová, Zdena, Hudeček, František, 1909-1990
Jazyk: Čeština
Vydáno: Praha : Mladá fronta, 1957
Vydání: 1. vyd.
Edice: Vpřed (Mladá fronta)
Externí odkaz: Digitalizovaný dokument
Fyzický popis: 280 s., obr. příl. : il.
Knihy
Uloženo v:
LEADER 01420nam a22003372a 4500
001 000786266
003 CZ BrMZK
005 20150216143921.0
007 ta
008 050822s1957 xr af er|||||||||||cze d
015 |a cnb000511570 
035 |a (OCoLC)85318411 
040 |a BOA001  |b cze 
041 1 |a cze  |h ger 
100 1 |a Renn, Ludwig,  |d 1889-1979  |7 jn20000604618  |4 aut 
245 1 0 |a Trini :  |b příběh indiánského chlapce /  |c z německého originálu ... přeložili Ludvík Kundera a Zdena Lacinová ; ilustroval, obálku a vazbu navrhl František Hudeček 
250 |a 1. vyd. 
260 |a Praha :  |b Mladá fronta,  |c 1957 
300 |a 280 s., obr. příl. :  |b il. 
490 1 |a Vpřed ;  |v sv. 105 
500 |a Dostupné též v digitální podobě v aplikaci Kramerius 
700 1 |a Kundera, Ludvík,  |d 1920-2010  |7 jk01070892  |4 trl 
700 1 |a Lacinová, Zdena  |7 jk01071361  |4 trl 
700 1 |a Hudeček, František,  |d 1909-1990  |7 jk01043203  |4 ill 
765 0 |t Trini  |9 Česky 
830 0 |a Vpřed (Mladá fronta)  |0 s 
856 4 1 |u http://www.digitalniknihovna.cz/mzk/uuid/uuid:71d9c310-7e57-11e6-bb23-005056827e51  |y Digitalizovaný dokument  |x NDK 
910 |a BOA001  |b 2-0391.989  |b PK-0017.993 
990 |a BK 
996 6 |b 2619134559  |c 2-0391.989  |l MZK  |r Sklad / do 24 hodin  |n 0  |w 000786266  |u 000020  |a 1  |e BOA001  |j MZK50  |s P 
996 7 |b 3119680528  |c PK-0017.993  |l MZK  |r Sklad / do 1 hodiny  |n 0  |w 000786266  |u 000010  |a 1  |e BOA001  |j MZK50  |s A